00773nam a2200205 a 450000100100000000500170001000800410002704000250006808200190009310000330011224501470014526000420029230000350033450000640036965000320043365000290046565000170049465000310051171000250054200001720220200929165039.0100319s1981 dr ac 000 0 spa d aDO-SdBNPbspacBNPHU a579.355bH731a1 aHolguín-Veras Tabar, Oscar10aAislamiento primigenio en Santo Domingo del estreptococo mutans :bcepas pertenecientes de placa dental humana /cOscar Holguín-Veras Tabar. aSanto Domingo :bAlfa y Omega,c1981. a68 p. :bil., retrs. ;c21 cm. aIncluye datos biográficos del autor en la contracubierta. 4aAnálisis microbiológico 4aMicrobiología médica 4aPlaca dental 4aBacteriología de la boca2 aUniversidad del Este